Statistics for Municipis de la comarca de la Terra Alta (Catalunya)

Click here to take the quiz!

General Stats

  • This quiz has been taken 42 times
  • The average score is 7 of 12

Answer Stats

HintAnswer% Correct
GGandesa
96%
BBot
74%
AArnes
65%
BBatea
61%
HHorta de Sant Joan
61%
CCorbera d'Ebre
57%
FLa Fatarella
57%
PLa Pobla de Massaluca
57%
VVilalba dels Arcs
57%
PEl Pinell de Brai
52%
PPrat de Comte
52%
CCaseres
43%

Score Distribution

Percentile by Number Answered

Percent of People with Each Score

Your Score History

You have not taken this quiz